| 000 | 00413nam a22001577a 4500 | ||
|---|---|---|---|
| 999 |
_c2348 _d2348 |
||
| 008 | 200225b ||||| |||| 00| 0 eng d | ||
| 082 | 0 | 0 |
_a677.71 _bS883 |
| 100 |
_91928 _aStopford, P. J. |
||
| 245 | 1 | 0 |
_aCordage and cables : their uses at sea _cby P. J. Stopford |
| 250 | _a2nd ed. | ||
| 260 |
_aGlasgow _bBrown,Son & Ferguson _c1946 |
||
| 300 | _avii,116 p. | ||
| 365 | _d5.10 | ||
| 650 | 0 | _aCables | |
| 942 | _cBK | ||